[Event "Chess@iceland-B"]
[Site "Kopavogur"]
[Date "2000.04.01"]
[Round "4"]
[White "Anand, Viswanathan"]
[Black "Sokolov, Ivan"]
[Result "1-0"]
[WhiteElo "2769"]
[BlackElo "2637"]
[PlyCount "111"]
[EventDate "2000.04.01"]
[EventType "rapid"]
[EventRounds "5"]
[EventCountry "ISL"]
[EventCategory "15"]
[SourceTitle "EXT 2001"]
[Source "ChessBase"]
[SourceDate "2000.11.22"]
[SourceVersion "1"]
[SourceVersionDate "2000.11.22"]
[SourceQuality "1"]

1. e4 e5 2. Nf3 Nf6 3. Nxe5 d6 4. Nf3 Nxe4 5. d4 d5 6. Bd3 Nc6 7. O-O Be7 8. c4
Nb4 9. Be2 O-O 10. Nc3 Bf5 11. a3 Nxc3 12. bxc3 Nc6 13. Re1 Bf6 14. Bf4 Na5 15.
cxd5 Qxd5 16. Bf1 b6 17. Ne5 Rad8 18. g4 Be4 19. Qe2 Bxe5 20. Bxe5 Nb3 21. Ra2
Bf3 22. Qe3 Na5 23. Rc2 f6 24. Bxc7 Rd7 25. Bg3 Bxg4 26. Bg2 Qb3 27. Rcc1 Qf7
28. d5 Qh5 29. c4 Nb7 30. a4 g5 31. Rc3 Qg6 32. Qd4 Bf5 33. Rce3 Nc5 34. a5 h5
35. axb6 axb6 36. h4 gxh4 37. Bxh4 Rg7 38. d6 Qf7 39. Rg3 Rxg3 40. Bxg3 Qg6 41.
Re7 Nd7 42. Kh2 Kh8 43. Bc6 Rf7 44. Qd5 Rg7 45. Qd4 Qg5 46. Rxg7 Kxg7 47. Bd5
Qg4 48. Qe3 Ne5 49. Bxe5 fxe5 50. Qxe5+ Kg6 51. Qe8+ Kg5 52. Qe5 h4 53. Qg7+
Bg6 54. Qe5+ Qf5 55. Qe3+ Kg4 56. Be6 1-0

[Event "Leon Man+Comp"]
[Site "Leon"]
[Date "2000.06.04"]
[Round "2.1"]
[White "Anand, Viswanathan"]
[Black "Shirov, Alexei"]
[Result "1-0"]
[WhiteElo "2769"]
[BlackElo "2751"]
[Annotator "Finkel,A"]
[PlyCount "77"]
[EventDate "2000.06.02"]
[EventType "k.o."]
[EventRounds "2"]
[EventCountry "ESP"]
[SourceTitle "CBM 078"]
[Source "ChessBase"]
[SourceDate "2000.10.18"]
[SourceVersion "1"]
[SourceVersionDate "2000.10.18"]
[SourceQuality "1"]

1. e4 e6 2. d4 d5 3. Nc3 Nf6 4. e5 Nfd7 5. Nce2 {The french defense is now the
most popular opening on the highest level,that's why all the main variations
has been analysed so deeply that the game becomes just a competition in memory.
The following move still is a ''mistery'' from theoretcal point of view and
has strong strategical bases (white just wants to strengthen the center with
c3 and f4) that's why it's not so easy for black to play against it and in the
hands of such a player as Anand it becomes lethal weapon.} c5 6. c3 Nc6 7. f4
b5 8. a3 cxd4 (8... b4 9. axb4 (9. dxc5 bxc3 10. b4 $36) 9... cxb4 10. Nf3 $14)
9. Nxd4 Nxd4 10. cxd4 (10. Qxd4 $6 Bc5 11. Qd3 O-O 12. Nf3 f6 $1 13. Nd4 $2
Nxe5 $1 $15 {Shirov,A-Bareev,E/Hastings/1991-92/}) 10... b4 (10... Qb6 11. Nf3
b4 12. Qa4 Rb8 13. axb4 Bxb4+ 14. Kf2 a5 15. Be3 Ke7 16. Rc1 Ba6 $132 {
Gofshtein,L-Archangelsky,M/Cappelle op 1995}) 11. a4 (11. axb4 Bxb4+ 12. Bd2
Qb6 13. Nf3 a5 14. Bd3 Ba6 15. Bxa6 Rxa6 16. O-O O-O 17. Ra4 Bxd2 18. Qxd2 Rb8
19. Rfa1 {1/2-1/2 Oll,L-Andersson,U/Ter Apel 1996}) (11. Nf3 bxa3 12. bxa3 Be7
13. Bd2 O-O 14. Bd3 a5 15. Qc2 g6 16. Qc6 Ra7 17. O-O $14 {Kammer,C-Thanner,H/
OL9495}) 11... Qa5 {So far everything was played,but now Shirov choses new
continuation,which I think promises black very good chaanses to equalize.} (
11... Nb6 $6 12. Nf3 (12. b3 $14) 12... Be7 (12... Nc4 $5 13. b3 Na3) 13. b3 a5
14. Bb5+ Nd7 15. O-O Ba6 16. Bxa6 Rxa6 17. Qd3 $14 {Shirov,A-Kortschnoj,V/WchT
1993} (17. f5 $5 $36 {Ftacnik})) (11... Be7 12. Nf3 Qb6 13. a5 Qc6 14. Be3 Nb8
15. Rc1 Qd7 16. Bd3 Ba6 17. O-O $14 {Laveryd,P-Nordstrom,F/SWE-chB 1995}) 12.
Bd2 Be7 ({Deserved attention} 12... Ba6 $5 13. Nf3 Bxf1 14. Rxf1 Be7 15. Qe2
Rc8 16. Qd3 O-O 17. Ke2 Rc7 18. b3 Rfc8 19. Rac1 Rxc1 20. Rxc1 Rxc1 21. Bxc1 f5
$11) 13. Nf3 O-O $6 (13... Ba6 $5) 14. Bb5 $1 Nb6 (14... a6 $6 15. Bd3 $1 $14)
15. b3 Ba6 16. Bxa6 Qxa6 17. a5 Nd7 18. Qe2 Nb8 (18... Qxe2+ 19. Kxe2 Rac8 20.
Rhc1 f5 21. Ne1 Nb8 22. Nd3 Nc6 23. Ke3 $16 {[%csl Rb4]}) 19. Kf2 Qxe2+ 20.
Kxe2 Nc6 21. Rhc1 Rfc8 22. Ra2 Rc7 23. Rac2 Rac8 {[%cal Gc2c7]} 24. a6 $14 {
White has some pressure and certain advantage in space,but this sholdn't be
enough to win the game.} Kf8 (24... f5 25. exf6 (25. Ke3 Kf7 26. Ne1 Ke8 27.
Nd3 Kd7 28. Nc5+ Bxc5 29. Rxc5 Nb8 30. Rxc7+ Rxc7 31. Rxc7+ Kxc7 32. Bxb4 Nxa6
33. Bf8 g6 $11) 25... gxf6 26. g4 Kf7 27. g5 Ke8 28. Kd3 Kd7 29. h4 $14) 25. g4
Ke8 26. f5 Kd7 27. Bf4 g5 $6 {[%csl Rg5] Here the pawn is not only weak,but
white has the possibility to sacrifice on g5 in order to create a passed pawns,
which finally decided the game.} (27... Nb8 28. Rxc7+ Rxc7 29. Rxc7+ Kxc7 30.
f6 Bf8 31. Ng5 $16) (27... Na5 28. Rxc7+ Rxc7 29. Rxc7+ Kxc7 30. f6 Bf8 31. Ng5
$16) (27... g6 28. f6 (28. Ke3) 28... Bf8 29. Kd3 h6 30. h4 Rb8 (30... Nb8 31.
Rxc7+ Rxc7 32. Rxc7+ Kxc7 33. h5 gxh5 34. gxh5 Nxa6 35. Nh2 Nb8 36. Ng4 $18)
31. h5 g5 32. Bd2 $14) 28. Be3 h6 29. f6 Bf8 {[%csl Rf8]} 30. Kd3 Na5 $6 (30...
Rb8 31. Ra1 $1 (31. Nxg5 $2 hxg5 32. Bxg5 Rb6 33. h4 Rxa6 34. h5 Ra3 35. Rb2
Na5 36. Rxc7+ Kxc7 37. Kc2 Ra1 38. Bc1 Nc6 $19) 31... Rb6 32. Nxg5 hxg5 33.
Bxg5 Nb8 34. Rxc7+ Kxc7 35. h4 Nxa6 36. Bd2 $18) 31. Rxc7+ Rxc7 32. Rxc7+ Kxc7
33. Nxg5 $1 hxg5 34. Bxg5 Nxb3 35. h4 Na1 36. Bc1 Nb3 37. Be3 Na5 38. g5 Nc4
39. Bc1 1-0

[Event "Leon Man+Comp"]
[Site "Leon"]
[Date "2000.06.04"]
[Round "2.2"]
[White "Shirov, Alexei"]
[Black "Anand, Viswanathan"]
[Result "1/2-1/2"]
[WhiteElo "2751"]
[BlackElo "2769"]
[PlyCount "101"]
[EventDate "2000.06.02"]
[EventType "k.o."]
[EventRounds "2"]
[EventCountry "ESP"]
[SourceTitle "CBM 078"]
[Source "ChessBase"]
[SourceDate "2000.10.18"]
[SourceVersion "1"]
[SourceVersionDate "2000.10.18"]
[SourceQuality "1"]

1. e4 e5 2. Nf3 Nf6 3. Nxe5 d6 4. Nf3 Nxe4 5. Bd3 Nf6 6. O-O Be7 7. h3 O-O 8.
c3 d5 9. Bc2 Re8 10. d4 Bd6 11. Bg5 Nbd7 12. Nbd2 Nf8 13. Re1 Rxe1+ 14. Qxe1 h6
15. Bh4 Ng6 16. Bg3 Bxg3 17. fxg3 Nf8 18. g4 N6h7 19. Qe3 c6 20. Ne5 Be6 21.
Ndf3 Qe7 22. Re1 Re8 23. h4 g5 24. hxg5 hxg5 25. Nd3 Qd8 26. Nc5 b6 27. Nxe6
Rxe6 28. Qd2 Qe7 29. Rxe6 Nxe6 30. Qd3 Nhf8 31. g3 f6 32. Kg2 Nc7 33. Nd2 Ne8
34. Nf1 Nd6 35. Ne3 Kf7 36. Kf3 Ke8 37. Qa6 Qc7 38. Nf5 Nxf5 39. Bxf5 Kf7 40.
a4 Ne6 41. Bxe6+ Kxe6 42. Qd3 Qe7 43. b4 Kd6 44. b5 Qe1 45. Kg2 Qe6 46. Kh3 Kc7
47. Qh7+ Qd7 48. Qh8 cxb5 49. axb5 Qxb5 50. Qxf6 a5 51. Qxg5 1/2-1/2

[Event "Leon Man+Comp playoff"]
[Site "Leon"]
[Date "2000.06.03"]
[Round "1.3"]
[White "Polgar, Judit"]
[Black "Anand, Viswanathan"]
[Result "1/2-1/2"]
[WhiteElo "2658"]
[BlackElo "2769"]
[Annotator "Finkel,A"]
[PlyCount "67"]
[EventDate "2000.06.03"]
[EventType "match (rapid)"]
[EventRounds "2"]
[EventCountry "ESP"]
[SourceTitle "CBM 078"]
[Source "ChessBase"]
[SourceDate "2000.10.18"]
[SourceVersion "1"]
[SourceVersionDate "2000.10.18"]
[SourceQuality "1"]

1. e4 e6 2. d4 d5 3. Nc3 Nf6 4. Bg5 dxe4 5. Nxe4 Nbd7 6. Nf3 h6 7. Nxf6+ Nxf6
8. Bd2 c5 9. c3 $6 {It's hard to call this logical move a dubious one,but it's
not the move,which is dubious,but the idea behind this move.White simply gives
up the idea to fight for opening avantage and chooses the variation,which
almost by force leads to draw.} (9. Bd3 a6 10. Qe2 b5 11. dxc5 Bxc5 12. O-O-O
Qc7 13. Bc3 Bb7 14. Be5 Qb6 15. Bxf6 gxf6 16. Be4 $14 {Bologan,V-Komarov,D/
Reggio9697}) (9. dxc5 Bxc5 10. Bd3 O-O 11. Qe2 e5 (11... Qd5 12. c4 Qc6 13. Bc3
e5 14. Nxe5 Qxg2 15. O-O-O Re8 $13 {Khalifman,A-Dreev,A/Yalta rapid 1995}) 12.
O-O-O Re8 13. Bb5 Bd7 14. Bxd7 Qxd7 15. Be3 Bxe3+ 16. Qxe3 Qa4 $11 {Bologan,
V-Dokhoian,Y/BL9394}) 9... cxd4 10. cxd4 (10. Nxd4 Bc5 11. Bb5+ (11. Be3 O-O
12. Nc6 (12. Nxe6 $6 Qxd1+ 13. Rxd1 Bxe3 14. Nxf8 Bb6 $15) 12... Qxd1+ 13. Rxd1
Ba3 $1 14. bxa3 bxc6 $11) 11... Bd7 12. Qa4 $6 Bxd4 13. cxd4 O-O $15) 10... Be7
(10... Qd5 $5) 11. Bd3 Bd7 12. Ne5 Bc6 ({Too dangerous is} 12... Rc8 $6 13. Qf3
Bc6 $6 14. Nxc6 $1 (14. Qg3 $2 Kf8 (14... Qxd4 15. Bc3 Qd5 $5 (15... Bb4 $5 16.
O-O Bxc3 17. bxc3 Qxc3 18. Qxg7 Qxe5 19. Qxh8+ Kd7 20. Qxh6 $1 (20. Qg7 $2 Ke7
$1 (20... Rg8 21. Qxf7+ Kc8 22. g3 Qd5 23. f3 $18) 21. Rfe1 Qd5 22. Qg3 $1 Rg8
23. Be4 $1 Qa5 $1 $19) 20... Ng4 21. Qh4 Rh8 22. Qg3 Rxh2 $1 23. Qxg4 $8 Rxg2+
24. Qxg2 Bxg2 25. Kxg2 $14) 16. Qxg7 Rf8 17. Nxc6 (17. O-O-O $2 Qxg2 18. Qxh6
Ne4 $1 $17) 17... Rxc6 18. Bxf6 Qxd3 $15)) 14... bxc6 15. Ba6 $1 Rc7 16. Ba5
$18) 13. Nxc6 bxc6 14. Bc3 (14. Qa4 O-O 15. Rc1 $6 (15. Qxc6 $2 Qxd4 16. Qc3
Qd5 $1 $15) 15... c5 $1 $15) 14... Nd5 15. Qa4 O-O 16. O-O (16. Qxc6 Rc8 17.
Qa6 Nxc3 18. bxc3 Rxc3 $17 {[%csl Rd4]}) 16... c5 $5 $11 {Black has reached
the equality with very simple and natural moves.Now both sides start to
eliminate pieces from the board and the game very quickly ends up a draw.} (
16... Nxc3 17. bxc3 c5) 17. Be4 Nxc3 18. bxc3 Rc8 19. Qxa7 cxd4 20. cxd4 (20.
Qxd4 Bf6 21. Qxd8 Rfxd8 22. Rfd1 Rxd1+ 23. Rxd1 Rxc3 $11) 20... Bf6 21. Rad1
Rc4 {[%csl Rd4]} 22. Qa6 Rxd4 23. Rxd4 Qxd4 24. Qd3 Qxd3 25. Bxd3 Ra8 26. Bc4
Kf8 27. Rd1 Ke7 28. Kf1 Be5 29. g3 g5 30. h3 Ra7 31. Ke2 Kf6 32. Rd3 Ke7 33.
Ke3 Bd6 34. Ke2 1/2-1/2

[Event "Leon Man+Comp playoff"]
[Site "Leon"]
[Date "2000.06.03"]
[Round "1.4"]
[White "Anand, Viswanathan"]
[Black "Polgar, Judit"]
[Result "1-0"]
[WhiteElo "2769"]
[BlackElo "2658"]
[Annotator "Huzman,A"]
[PlyCount "135"]
[EventDate "2000.06.03"]
[EventType "match (rapid)"]
[EventRounds "2"]
[EventCountry "ESP"]
[SourceTitle "CBM 078"]
[Source "ChessBase"]
[SourceDate "2000.10.18"]
[SourceVersion "1"]
[SourceVersionDate "2000.10.18"]
[SourceQuality "1"]

1. d4 Nf6 2. c4 g6 3. Nc3 Bg7 4. e4 d6 5. Nf3 O-O 6. Be2 Na6 7. O-O Qe8 8. Re1
e5 9. Be3 Ng4 10. Bg5 (10. Bc1 f5 (10... Kh8 11. h3 Nh6 12. Bf1 f6 13. Be3 Nf7
14. Rb1 c5 15. dxc5 dxc5 16. Nd5 Bd7 17. a3 Rc8 18. b4 $14 {1-0
Azmaiparashvili,Z-Danailov,S/Ponferrada 1991/EXT 99 (34)}) 11. exf5 (11. h3 Nf6
12. exf5 gxf5 13. Bf1 e4 14. d5 Nc5 15. Nd4 a5 16. Ndb5 Qd8 17. Be3 Nfd7 18.
Qh5 Ne5 $17 {0-1 Aronov,V-Lederer,Y/Match \ Beer-Sheva (Israel) 1998 (35)})
11... gxf5 12. dxe5 dxe5 13. h3 Nf6 14. c5 e4 15. Bxa6 bxa6 16. Nd4 Qe5 17. Nb3
Kh8 18. Be3 f4 19. Bd4 Qg5 $40 {0-1 Van Wely,L-Gelfand,B/Arnhem 1988/TD (30)})
10... exd4 (10... f6 11. Bd2 f5 12. exf5 gxf5 13. c5 e4 14. cxd6 Qh5 15. h3
exf3 16. Bxf3 cxd6 17. Bf4 Kh8 18. Nd5 Bd7 19. Bxd6 Rf7 20. Bg3 $16 {1/2-1/2
Sulava,N-Milov,V/Geneva 1996/CBM 51 ext (48)}) (10... h6 11. Bh4 Nf6 12. dxe5
dxe5 13. Nd2 c6 14. Bg3 b6 15. a3 Bb7 16. b4 Rd8 17. Qc2 Nh7 18. Rad1 Ng5 19.
Nf3 Nxf3+ 20. Bxf3 Qe7 {1/2-1/2 Danielian,O-Makarjev,I/Protvino 1992/EXT 97 
(20)}) 11. Nxd4 Qe5 (11... Nxh2 $2 12. Be3 $18) 12. Nf3 Qc5 13. Bh4 Ne5 14.
Nxe5 dxe5 (14... Qxe5 15. Rc1 {1/2-1/2 Sulava,N-Loncar,R/Pula 1997/EXT 98 (15)}
) 15. Rc1 Be6 (15... c6 16. a3 {[%cal Gb2b4]}) 16. Nd5 f6 17. a3 $14 c6 18. b4
Qd4 19. Qxd4 exd4 20. Nf4 $14 {White put Nf4 on blocading position on d3 after
what they have possibility to improve their pawns advantage on the king's side.
} Bf7 21. Bg3 Rfe8 22. Bf1 Rac8 23. Nd3 h5 24. f3 Bh6 25. Rc2 Nb8 $2 (25...
Be3+ $142 26. Bf2 Bxf2+ 27. Kxf2 Nc7 28. f4 $14) 26. Bf2 Rcd8 27. Rd1 {[%csl
Rd4]} Be3 $2 (27... b6 $142 28. g3 Na6 {[%cal Yc6c5]} 29. Bg2 c5 30. f4 $14)
28. Bxe3 dxe3 29. Re1 Rd4 30. Nc5 $16 Rd2 (30... b6 31. Nb3 Rd6 32. Rxe3 $16)
31. Rxd2 exd2 32. Rd1 b6 33. Nb3 (33. Nb7 $5 Re7 34. Nd6 c5 35. b5 Rd7 36. Rxd2
$16) 33... b5 34. Na5 (34. Rxd2 bxc4 (34... Bxc4 35. Bxc4+ bxc4 36. Na5 c3 37.
Rc2 $16) 35. Na5 $16 (35. Nc5 $5 $16 {[%csl Rb8]})) 34... Rd8 35. Kf2 bxc4 36.
Nxc4 Bxc4 37. Bxc4+ Kf8 38. Ke3 $18 Ke7 39. Rxd2 Nd7 (39... Rxd2 40. Kxd2 Nd7
41. Ke3 g5 42. f4 $18 {[%csl Rh5]}) 40. Rc2 Rb8 (40... c5 41. bxc5 (41. b5 $5
Nb6 42. Be2 Kd6 43. f4 $18) 41... Nxc5 42. Bd5 $18 Rc8 43. f4 Kd6 (43... Rc7
44. e5) 44. Bf7 $18) 41. Be2 Kd6 42. f4 a5 43. Rd2+ Kc7 44. bxa5 Rb3+ 45. Rd3
Rb2 46. Bf3 (46. Rc3 $5 Kd6 $140 47. Bf3 Nc5 48. e5+ $18) 46... Nc5 (46... Rb5
$5 47. Rc3 (47. a6 Ra5 48. Rc3 Rxa6 49. f5 $5) 47... Rxa5 48. e5 fxe5 49. Rxc6+
Kd8 50. Rxg6 Rxa3+ 51. Ke4 Ra4+ 52. Kf5 Rxf4+ 53. Kg5 $16) 47. Rc3 Na4 48. Rc4
Rb3+ 49. Kd2 Rxa3 50. e5 $1 fxe5 51. Rxc6+ Kd7 52. fxe5 {Now it is clear that
game is over.White have big positional and material advantage.} g5 53. e6+ Ke7
54. a6 Ra2+ 55. Rc2 Ra3 56. a7 Nb6 57. Rc6 Ra2+ 58. Kc1 Na8 59. Rc8 Ra1+ 60.
Kb2 Rxa7 61. Rxa8 Rxa8 62. Bxa8 Kxe6 63. Kc3 h4 64. Kd4 Kf5 65. Bd5 g4 66. Ke3
Ke5 67. Bc6 Kf5 68. Bd7+ 1-0

[Event "Fujitsu Siemens Giants"]
[Site "Frankfurt"]
[Date "2000.06.24"]
[Round "6"]
[White "Anand, Viswanathan"]
[Black "Kasparov, Garry"]
[Result "1/2-1/2"]
[WhiteElo "2769"]
[BlackElo "2851"]
[Annotator "Ftacnik,L"]
[PlyCount "60"]
[EventDate "2000.06.22"]
[EventType "tourn"]
[EventRounds "10"]
[EventCountry "GER"]
[EventCategory "21"]
[SourceTitle "CBM 078"]
[Source "ChessBase"]
[SourceDate "2000.10.18"]
[SourceVersion "1"]
[SourceVersionDate "2000.10.18"]
[SourceQuality "1"]

1. e4 {Wells} c5 2. Nf3 d6 3. d4 cxd4 4. Nxd4 Nf6 5. Nc3 a6 6. Be3 e6 7. a4 Nc6
8. Be2 Be7 9. O-O O-O 10. f4 Qc7 11. Kh1 Re8 12. Bf3 Bd7 13. Nb3 b6 14. g4 Bc8
15. g5 Nd7 16. Bg2 Bb7 17. Qh5 Nb4 18. Rf2 g6 19. Qh3 Bf8 20. Raf1 Bg7 21. Bd4
{Wells: 'White would like to exchange this key defensive piece. Nothing
surprising that black is not enthusiatic about this...'} (21. f5 exf5 22. exf5
Bxg2+ 23. Rxg2 Bxc3 24. bxc3 Nd5 25. Bd4 Ne5 $13 26. f6 $140 h5 $1) 21... e5 $5
{[%mdl 8] '!' Wells. It is very likely, that Kasparov knew this idea from home.
Black sacrifices the pawn for the bishops pair and activity of most pieces.}
22. fxe5 (22. Be3 exf4 23. Bxf4 Re7 $11) 22... Nxe5 23. Bxe5 Rxe5 24. Rxf7 {
Wells: '...not even that shocking that it should be thought worth a pawn,
However, opening the f-file and allowing white to crash in on f7 shows a deep
judgment and a feeling for what is really important in the position.'} Re7 (
24... Qxf7 $2 25. Rxf7 Kxf7 26. Qd7+ Re7 27. Qxd6 $18) 25. Rxe7 (25. R7f2 Rae8
26. Rd1 Re5 $132) 25... Qxe7 {Wells: 'The smoke has cleared. White's f7
invasion was easily repelled, and black has a stong pair of bishops and
pressure on e4 which provides full compensation for the pawn.'} 26. Qe3 Re8 $1
(26... Nxc2 $2 27. Qd3 Nb4 28. Qc4+ d5 29. exd5 $18) 27. Qxb6 {The only moment
where white could probably have shown more ambitions with the smart move 27.
Qd2!?} (27. Qd2 $5 Qc7 28. Nc1 $14) 27... Bxc3 28. bxc3 Bxe4 29. Qxb4 (29. Bxe4
$2 Qxe4+ 30. Kg1 Nxc2 $15) 29... Bxg2+ 30. Kxg2 Qxg5+ 1/2-1/2

[Event "Fujitsu Siemens Giants"]
[Site "Frankfurt"]
[Date "2000.06.24"]
[Round "7"]
[White "Anand, Viswanathan"]
[Black "Morozevich, Alexander"]
[Result "1-0"]
[WhiteElo "2769"]
[BlackElo "2748"]
[Annotator "Finkel,A"]
[PlyCount "47"]
[EventDate "2000.06.22"]
[EventType "tourn"]
[EventRounds "10"]
[EventCountry "GER"]
[EventCategory "21"]
[SourceTitle "CBM 078"]
[Source "ChessBase"]
[SourceDate "2000.10.18"]
[SourceVersion "1"]
[SourceVersionDate "2000.10.18"]
[SourceQuality "1"]

1. e4 e6 2. d4 d5 3. Nc3 Nf6 4. e5 Nfd7 5. Nce2 c5 6. c3 Nc6 7. f4 b5 8. a3 c4
$6 {In this specific position the idea of closing the center looks slightly
not in the place,but it's not so easy for white to take advantage of it.} (8...
Qb6 9. Nf3 c4 10. g4 f6 11. Bh3 fxe5 12. fxe5 Be7 13. Nf4 Nf8 14. Nh5 $36 {
Golubev,M-Relange,E/Groningen op 1993}) 9. Nf3 Nb6 10. g4 f5 $5 (10... h5 $5
11. gxh5 Rxh5 12. Ng3 Rh8 13. h4 Be7 14. h5 Bd7 15. Bh3 Qc7 16. f5 $14) 11.
gxf5 exf5 12. Bg2 $6 {Slightly passive and not the most logical continuation,
which has nothing to do with the outcome of the game.Better was} (12. h4 Be7
13. h5 Be6 14. Ng5 Qd7 15. Nxe6 Qxe6 16. Ng3 $14 {[%csl Rf5][%cal Gf1h3,Gd1c2,
Gc1e3] with better chanses for white.}) 12... Be7 13. O-O h6 $5 14. Rf2 Be6 15.
Bf1 g5 $6 (15... g6 $5 $132) 16. fxg5 hxg5 17. h4 $1 g4 $6 {Permitting white
to put the knight to g5 from where it will seriously disturb black.Black had
to take on h4,but even in this case white keeps better chanses.} (17... gxh4
18. Nf4 Qd7 19. Bh3 {[%csl Rf5]} O-O-O 20. Nxe6 Qxe6 21. Ng5 $5 Qg8 22. Rxf5
Kb8 23. Kh2 $14) 18. Ng5 Bc8 (18... Bxg5 19. Bxg5 Qd7 20. Nf4 $16) 19. Rh2 $16
{[%csl Rb6,Rc6,Rf5][%cal Gc1e3,Ge2g3,Gd1c2,Gf1g2,Ga1f1]} a5 20. Ng3 Ra6 21. Be3
Na4 22. Qc2 Rf8 23. Rf2 $1 {Black can't protect the pawn on f5 and white takes
it with decisive advantage.} Qd7 (23... Rh8 24. Nxf5 Bxf5 25. Qxf5 $18) 24. e6
{[%csl Rf5]} 1-0

[Event "Fujitsu Siemens Giants"]
[Site "Frankfurt"]
[Date "2000.06.25"]
[Round "9"]
[White "Anand, Viswanathan"]
[Black "Shirov, Alexei"]
[Result "1-0"]
[WhiteElo "2769"]
[BlackElo "2751"]
[Annotator "Anand,V"]
[PlyCount "55"]
[EventDate "2000.06.22"]
[EventType "tourn"]
[EventRounds "10"]
[EventCountry "GER"]
[EventCategory "21"]
[SourceTitle "CBM 078"]
[Source "ChessBase"]
[SourceDate "2000.10.18"]
[SourceVersion "1"]
[SourceVersionDate "2000.10.18"]
[SourceQuality "1"]

1. e4 e6 2. d4 d5 3. Nc3 Nf6 4. e5 Nfd7 5. Nce2 {Shirov and I continue where
we left off from Leon. This manoeuvre is basically designed to keep the center
intact - White meets c5 with c3 and f6 with f4. It is something Shirov himself
has used on various occasions.} c5 6. c3 Nc6 7. f4 Qb6 8. Nf3 Be7 9. a3 O-O 10.
h4 {10.b4 is also possible, but if you want to attack the black king, h4 and
Rh3 can't be wrong.} f6 11. Rh3 {Suddenly, Black has finished all the easy
developing moves. Bareev once came up with 11...a5 with the idea Qa7 and b5,
which seems very reasonable.} Na5 {I think this is a mistake since it takes
the pressure off d4 completely} 12. b4 cxb4 13. axb4 Nc4 14. Ng3 a5 ({Perhaps
Black should already consider...} 14... fxe5 15. fxe5 Ndxe5 16. dxe5 Nxe5 {
It may not be enough for a piece, but Black will have lots of play and
probably Shirov would have enjoyed this kind of position more!}) 15. Bd3 f5 ({
Now it's too late for...} 15... fxe5 16. Bxh7+ Kxh7 17. Ng5+ Bxg5 (17... Kg8
18. Qh5 Nf6 19. Qg6 {There seems to be no defence against Nh5}) 18. hxg5+ Kg8
19. Qh5 $18) 16. Ng5 Rd8 (16... Bxg5 17. hxg5 Rd8 (17... Rf7 18. Rxh7 Kxh7 19.
Qh5+ Kg8 20. g6 $18) (17... g6 18. Nh5 $1 Rf7 19. Nf6+ $16) 18. Nh5 {/\ Nf6} (
18. Qh5 Nf8)) 17. Qh5 Bxg5 18. Qxg5 $1 (18. hxg5 Nf8) 18... Rf8 (18... Nf8 19.
Nh5 Rd7 20. Nf6+ $18) 19. Nh5 Rf7 20. Rg3 g6 21. Bxc4 $1 dxc4 22. b5 $1 {
Now the bishop enters the game as well.} Qxb5 (22... Kh8 23. Ba3) (22... Nf8
23. Ba3 Bd7 24. Nf6+ Kh8 25. h5 $18) 23. Ba3 b6 24. Qh6 Bb7 25. Rxg6+ hxg6 26.
Qxg6+ Kh8 27. Qxf7 Rg8 {Of course Nf6 wins, but I saw something more elegant:}
28. Bf8 $1 {This victory clinched the tournament for me as it gave me a 2
point lead ahead of the last round.} (28. Bf8 Nxf8 29. Nf6 $18) 1-0

[Event "FIDE World Cup KO"]
[Site "Shenyang"]
[Date "2000.09.10"]
[Round "2.4"]
[White "Gelfand, Boris"]
[Black "Anand, Viswanathan"]
[Result "1/2-1/2"]
[WhiteElo "2681"]
[BlackElo "2762"]
[PlyCount "34"]
[EventDate "2000.09.07"]
[EventType "k.o."]
[EventRounds "4"]
[EventCountry "CHN"]
[SourceTitle "CBM 079"]
[Source "ChessBase"]
[SourceDate "2000.11.21"]
[SourceVersion "1"]
[SourceVersionDate "2000.11.21"]
[SourceQuality "1"]

1. d4 Nf6 2. c4 e6 3. Nc3 Bb4 4. e3 c5 5. Nge2 cxd4 6. exd4 O-O 7. a3 Be7 8.
Nf4 d5 9. cxd5 Nxd5 10. Ncxd5 exd5 11. Bd3 Nc6 12. O-O Bg5 13. Be3 Bxf4 14.
Bxf4 Qf6 15. Be3 Bf5 16. Bb5 a6 17. Bxc6 Qxc6 1/2-1/2

[Event "De Corse op"]
[Site "Bastia"]
[Date "2000.11.02"]
[Round "1"]
[White "Managadze, Nikoloz"]
[Black "Anand, Viswanathan"]
[Result "0-1"]
[WhiteElo "2456"]
[BlackElo "2762"]
[PlyCount "76"]
[EventDate "2000.11.02"]
[EventType "swiss (rapid)"]
[EventRounds "7"]
[EventCountry "FRA"]
[SourceTitle "EXT 2001"]
[Source "ChessBase"]
[SourceDate "2000.11.22"]
[SourceVersion "1"]
[SourceVersionDate "2000.11.22"]
[SourceQuality "1"]

1. e4 c5 2. Nf3 d6 3. c3 Nf6 4. Qc2 e6 5. d4 d5 6. exd5 exd5 7. Bb5+ Bd7 8.
Bxd7+ Nbxd7 9. O-O Be7 10. Bg5 O-O 11. Nbd2 Re8 12. Rfe1 Rc8 13. Rad1 c4 14.
Ne5 Nxe5 15. dxe5 Nd7 16. Bxe7 Rxe7 17. Nf3 Nc5 18. Rd4 Nd3 19. Re2 Qa5 20. g3
Rce8 21. b3 Qc5 22. bxc4 dxc4 23. Qa4 b5 24. Qa6 Re6 25. Qb7 h6 26. Rd7 R6e7
27. Rxe7 Rxe7 28. Qb8+ Kh7 29. Qd6 Rxe5 30. Qxc5 Rxc5 31. Re7 Rf5 32. Kg2 a6
33. a3 Rf6 34. Re2 Nc5 35. Nd4 Na4 36. Re3 Rd6 37. Ne2 Rd2 38. Re7 Rc2 0-1